Fuzzy logic and the mountain clustering; Mechanical Engineering, Automation and Control Systems (MEACS)
| Parent link: | Mechanical Engineering, Automation and Control Systems (MEACS).— 2014.— [4 p.] |
|---|---|
| Yazar: | |
| Müşterek Yazar: | |
| Özet: | Title screen The mountain clustering method is based on fuzzy logic and is used to localize clusters in data sets that have clustering tendencies. This article gives valuable background and details of fuzzy logic and the main steps of fuzzy clustering. The focus is on modification of mountain clustering and its mathematical basis. The paper also presents implementation and test results of the modified mountain clustering method with different inputs. Режим доступа: по договору с организацией-держателем ресурса |
| Dil: | İngilizce |
| Baskı/Yayın Bilgisi: |
2014
|
| Konular: | |
| Online Erişim: | http://dx.doi.org/10.1109/MEACS.2014.6986882 |
| Materyal Türü: | Elektronik Kitap Bölümü |
| KOHA link: | https://koha.lib.tpu.ru/cgi-bin/koha/opac-detail.pl?biblionumber=639003 |
MARC
| LEADER | 00000nla2a2200000 4500 | ||
|---|---|---|---|
| 001 | 639003 | ||
| 005 | 20231101134036.0 | ||
| 035 | |a (RuTPU)RU\TPU\network\3400 | ||
| 035 | |a RU\TPU\network\3386 | ||
| 090 | |a 639003 | ||
| 100 | |a 20150218a2014 k y0engy50 ba | ||
| 101 | 0 | |a eng | |
| 105 | |a a z 101zy | ||
| 135 | |a drcn ---uucaa | ||
| 181 | 0 | |a i | |
| 182 | 0 | |a b | |
| 200 | 1 | |a Fuzzy logic and the mountain clustering |f K. S. Arysheva | |
| 203 | |a Text |c electronic | ||
| 300 | |a Title screen | ||
| 320 | |a [References: 5 tit.] | ||
| 330 | |a The mountain clustering method is based on fuzzy logic and is used to localize clusters in data sets that have clustering tendencies. This article gives valuable background and details of fuzzy logic and the main steps of fuzzy clustering. The focus is on modification of mountain clustering and its mathematical basis. The paper also presents implementation and test results of the modified mountain clustering method with different inputs. | ||
| 333 | |a Режим доступа: по договору с организацией-держателем ресурса | ||
| 463 | 0 | |0 (RuTPU)RU\TPU\network\3200 |t Mechanical Engineering, Automation and Control Systems (MEACS) |o proceedings of the International Conference, Tomsk, 16-18 October, 2014 |f National Research Tomsk Polytechnic University (TPU) ; Institute of Electrical and Electronics Engineers (IEEE) |v [4 p.] |d 2014 | |
| 610 | 1 | |a электронный ресурс | |
| 610 | 1 | |a труды учёных ТПУ | |
| 610 | 1 | |a data clustering | |
| 610 | 1 | |a fuzzy clustering | |
| 610 | 1 | |a mountain clustering | |
| 610 | 1 | |a fuzzy logic | |
| 610 | 1 | |a нечеткая логика | |
| 610 | 1 | |a кластеризация | |
| 700 | 1 | |a Arysheva |b K. S. |c specialist in the field of informatics and computer technology |c Programmer of Tomsk Polytechnic University |f 1992- |g Kseniya Sergeevna |2 stltpush |3 (RuTPU)RU\TPU\pers\33713 | |
| 712 | 0 | 2 | |a Национальный исследовательский Томский политехнический университет (ТПУ) |b Центр "Электронный университет" (ЦЭУ) |b Отдел портальных решений (ОПР) |h 6687 |2 stltpush |3 (RuTPU)RU\TPU\col\20534 |
| 801 | 2 | |a RU |b 63413507 |c 20161226 |g RCR | |
| 856 | 4 | |u http://dx.doi.org/10.1109/MEACS.2014.6986882 | |
| 942 | |c CF | ||